000 00630nam a22002177a 4500
005 20170124110012.0
010 _a692872
020 _c27.50
035 _a692872
037 _bCen Lib/Ret
040 _aDPL
_bEN
082 _a347
_bGHA
100 _aGhatia, B. L.
_917930
245 _aNew control orders [1966-1970] /
_cby B.L.Bhatia
260 _aIndore
_bWadhwa & Company
_c1971
270 _a27, M.G.Road, Rampurawala Building
_bIndore
300 _axi, 404p.
_c20cm(Hb)
_bill.
650 _aAll India control orders.
_917931
650 _aControl orders-India.
_917932
942 _2ddc
_cEN
_h347
_mGHA
999 _c126594
_d126594